| 000 | 00836nam a2200205 i 4500 | ||
|---|---|---|---|
| 001 | 187166 | ||
| 003 | SpMaBN | ||
| 005 | 20230906222830.0 | ||
| 008 | 170426s1929 fr bf |||| | fre d | ||
| 080 | _a913(460.23) | ||
| 100 | 1 |
_aChevalier, Marcel. _938418 |
|
| 245 | 1 | 4 |
_aLes paysages catalans _b: leurs aspects, leur structure et leur évolution / _cpar Marcel Chevalier. |
| 246 | 3 | 0 |
_iPrecede al tít. _aAspects physiographiques de l'Espagne |
| 260 |
_aParis : _bLibrairie Scientifique Albert Blanchard, _c1929. |
||
| 300 |
_aVI, 172 p., [32] p. de lám., [16] p. de mapas ; _c24 cm. |
||
| 504 | _aBibliografía: p. [161]-167, [169]-170. | ||
| 651 | 7 |
_aCataluña- _xGeografía. _98011 |
|
| 651 | 4 |
_aCataluña- _xDescripción. _98009 |
|
| 852 |
_aES-MaACL _jL-31496 _z. - Donat. herederos de la bibl. de Mª del Pilar Costa Palacín |
||
| 999 |
_c187166 _d187166 |
||